It looks like you're offline.
Open Library logo
additional options menu

MARC record from Internet Archive

LEADER: 00922cam 22003255a 4500
001 ocm34283096
003 OCoLC
005 20210916061407.0
008 960205s1995 enk 000 1 eng
040 $aUKM$beng$cUKM$dOCLCQ$dOCLCG$dOCLCQ$dUNITY
015 $aGB9613177$2bnb
020 $a0553409379$q(pbk.)
020 $a9780553409376$q(pbk.)
035 $a(OCoLC)34283096
082 04 $a823.914$220
082 04 $aFic$220
100 1 $aEdwards, Martin,$d1955-
245 10 $aYesterday's papers /$cMartin Edwards.
250 $aNew ed.
260 $aToronto ;$aLondon :$bBantam,$c1995.
300 $a238 pages ;$c18 cm
336 $atext$btxt$2rdacontent
337 $aunmediated$bn$2rdamedia
338 $avolume$bnc$2rdacarrier
655 04 $afiction.
029 1 $aAU@$b000012209465
029 1 $aUNITY$b061209511
029 1 $aUNITY$b114350205
994 $aZ0$bP4A
948 $hNO HOLDINGS IN P4A - 9 OTHER HOLDINGS